Pracovný zošit vecného učiva pre 1. triedu všeobecných škôl

Bibliographic Details
Main Author: Békés, Ferenc (Author)
Other Authors: Böhm, Erzsébet (Translator), Csergezán, Pál (Illustrator)
Format: Book
Language:Slovak
PhysicalDescription:63 s., [1] obr. príl. 8°
Published: Budapešť Vydav. učebníc 1971
Edition:2. vyd.

MARC

LEADER 00000nam a2200000 a 4500
001 vtls001256741
003 SK-MaSNL
005 20260301112931.0
008 210928s1971 HU 0 slo
035 |a SNK000207573 
040 |a SNK  |b slo  |c SNK  |e AACR2 
041 0 |a slo 
044 |a HU 
245 1 0 |a Pracovný zošit vecného učiva pre 1. triedu všeobecných škôl  |c Ferenc Békés ; preklad Erzsébet Böhm ; ilustrácie Pál Csergezán 
246 1 0 |a Környezetismereti munkafüzet 
250 |a 2. vyd. 
260 |a Budapešť  |b Vydav. učebníc  |c 1971 
300 |a 63 s., [1] obr. príl.  |c 8° 
700 1 |a Békés, Ferenc  |4 aut  |9 381367 
700 1 |a Böhm, Erzsébet  |4 trl  |9 421515 
700 1 |a Csergezán, Pál  |4 ill  |9 308541 
958 |a RK 
958 |a OND 
999 |c 711997  |d 713927 
952 |a SNK  |b SNK  |y PREZ  |7 0  |p 17A0944177  |o snkSC 41586  |0 0  |1 0  |4 0  |d 2013-08-16  |l 0  |r 2025-10-17 00:00:00  |w 2026-02-23 
952 |t P60, <03>, [BOOK], {603}  |a SNK  |b SNK  |y PREZ  |7 0  |o snkSC 41586  |i snkV 2878/77  |0 0  |1 0  |4 0  |d 1996-05-14  |l 0  |r 2005-01-01 00:00:00  |w 2026-02-23